000 00969nam a2200349 a 4500
003 AR-BaBNM
005 20251128205821.0
008 082120s2002 ||||||||||||||000 | spa||
020 _a950-556-347-7
040 _cAR-BaBNM
245 0 0 _aLa puesta en escena en Latinoamérica
_bteoría y práctica teatral
250 _a1ª ed.
260 _aBuenos Aires
_bGalerna
_bCITI
_c1995
300 _a141 p.
490 0 _aTendencias del teatro actual
650 4 _aLITERATURA ARGENTINA
650 4 _aLITERATURA LATINOAMERICANA
650 4 _aCRITICA LITERARIA
650 4 _aTEATRO
650 4 _aACTORES
650 4 _aARTES ESCENICAS
650 4 _aPRODUCCION TEATRAL
650 4 _aTEORIA LITERARIA
650 4 _aSEMIOLOGIA
655 _aLITERATURA
700 1 _aPellettieri, Osvaldo
_eeditor
700 1 _aRovner, Eduardo
_eeditor
800 1 _aPellettieri, Osvaldo
_edirector
800 1 _aRovner, Eduardo
_edirector
942 _cBK
998 _cMARTIN
999 _c12932
_d12932